Air
| Main Author: | |
|---|---|
| Format: | Book |
| Published: |
London :
Franklin Watts ,
1986
|
| Series: | Talkabout
|
| Subjects: |
MARC
| LEADER | 00000cam a2200000 7i4500 | ||
|---|---|---|---|
| 001 | 0000002777 | ||
| 002 | 000003007 | ||
| 005 | 20000330.0 | ||
| 020 | |a 0863134750 | ||
| 090 | 0 | 0 | |a J 030 |b WEB |
| 100 | 1 | |a Webb, Angela | |
| 245 | 1 | 0 | |a Air |c Angela Webb |
| 260 | |a London : |b Franklin Watts , |c 1986 | ||
| 300 | |a 29 p. : |b ill. ; |c 22 cm. | ||
| 490 | 0 | |a Talkabout | |
| 650 | 0 | 0 | |a Air |x Juvenile literature |
| 999 | |a 036377 |b BUKU |c JUNIOR REFERENCE |e PERPUSTAKAAN KOMUNITI PETALING JAYA | ||